রবীন্দ্রসংগীত সাধনা (Record no. 49389)
[ view plain ]
| 000 -LEADER | |
|---|---|
| fixed length control field | 00997nam a2200241 a 4500 |
| 001 - CONTROL NUMBER | |
| control field | 49389 |
| 003 - CONTROL NUMBER IDENTIFIER | |
| rucl marc code | BD-RjUL |
| 005 - DATE AND TIME OF LATEST TRANSACTION | |
| control field | 20211209054656.0 |
| 008 - FIXED-LENGTH DATA ELEMENTS--GENERAL INFORMATION | |
| fixed length control field | 160820s1978 ii ||||| |||| 00| 0 ben d |
| 020 ## - INTERNATIONAL STANDARD BOOK NUMBER | |
| Terms of availability | : Tk. 8.00 |
| 035 ## - SYSTEM CONTROL NUMBER | |
| System control number | (BD-RjUL)49508 |
| 040 ## - CATALOGING SOURCE | |
| Original cataloging agency | BD-RjUL |
| Language of cataloging | ben |
| Transcribing agency | BD-RjUL |
| 041 ## - LANGUAGE CODE | |
| Language code of text/sound track or separate title | ben |
| 082 ## - DEWEY DECIMAL CLASSIFICATION NUMBER | |
| Edition number | 23 |
| Classification number | 891.441409 |
| Author mark and year | RAR 1978 |
| 100 1# - MAIN ENTRY--PERSONAL NAME | |
| Personal name | রায়, সুবিনয় |
| 9 (RLIN) | 148266 |
| 245 10 - TITLE STATEMENT | |
| Title | রবীন্দ্রসংগীত সাধনা |
| 250 ## - EDITION STATEMENT | |
| Edition statement | ৩য় সংশোধিত ও পরিবর্ধিত সং. |
| 260 ## - PUBLICATION, DISTRIBUTION, ETC. (IMPRINT) | |
| Place of publication, distribution, etc. | কলকাতা : |
| Name of publisher, distributor, etc. | এ মুখার্জী এন্ড কোং লি., |
| Date of publication, distribution, etc. | ১৯৭৮ |
| 300 ## - PHYSICAL DESCRIPTION | |
| Pagination | ১১৯ পৃ. ; |
| Size | ১৮ সেমি. |
| 600 ## - SUBJECT ADDED ENTRY--PERSONAL NAME | |
| Personal name | ঠাকুর, রবীন্দ্রনাথ ১৮৬১-১৯৪১ |
| Titles and other words associated with a name | সমালোচনা ও ব্যাখ্যা |
| Personal name | Tagore, Rabindranath 1861-1941 |
| Titles and other words associated with a name | Criticism and interpretation |
| 942 ## - ADDED ENTRY ELEMENTS (KOHA) | |
| Source of classification or shelving scheme | Dewey Decimal Classification |
| Koha item type | Books |
| Lost status | Source of classification or shelving scheme | Damaged status | Not for loan | Collection code | Permanent Location | Current Location | Shelving location | Date acquired | Source of acquisition | Cost, normal purchase price | Total Checkouts | Full call number | Date last seen | Copy number | Koha item type |
|---|---|---|---|---|---|---|---|---|---|---|---|---|---|---|---|
| Dewey Decimal Classification | Non-fiction | Central Library, University of Rajshahi | Central Library, University of Rajshahi | 28/05/1980 | India international, kolcutta | 8.00 | B 891.441409 RAR 1978 | 20/08/2016 | C-2 | Books |